00738nam a2200229Ia 4500008004100000020002200041050001700063050002100080100002200101245005400123245004100177260001700218260002100235260000900256300001500265300002000280300001100300500004100311650004200352650005400394650006000448160319s9999 xx 000 0 und d a978-971-584-974-6 aFIL TX 911.3 b.S3A545 2010 c.2 aAng, Mary Jean C. aLaboratory manual in food safety and sanitation / cMary Jean C. Ang, Hannah A. Balanon. aQuezon City: bC & E Pub. Inc., c2010 a76 pages : billustrations ; c26 cm. aIncludes bibliographical references. aFood handling -- Laboratory manuals. aFood service -- Sanitation -- Laboratory manulas. xFood service -- Safety measures -- Laboratory manuals.